SZA Finish The Lyrics - Statistics

General Stats
  • This quiz has been taken 1,756 times
  • The average score is 11 of 15
Answer Stats
Hint Answer % Correct
wish I was the type of __ that you take over to mama girl
87%
or how I __ at you, say why? look
86%
I __I was a normal girl wish
85%
or how I __ my cool lose
83%
the type of girl, I know my __, he´d be proud of daddy
82%
uh be proud of, uh be proud of, __ know __ know you
80%
Uh, you love the way I __my top pop
77%
wish I was the type of girl that you take over to __ mama
75%
___ girl, oh normal
74%
no fighting and no stopping, __ around stick
69%
love the way i pump my fist or how I __ my hip bust
68%
the type of girl,i know your __ they´d be proud of fellas
62%
it aint no __ no I cant stop it, this took a while, yeah fighting
59%
for your __ tryna be down affection
56%
uh be proud of, uh be proud of, you know, you know, __ you know boy
32%
No matching quizzes found
Score Distribution
Percent of People with Each Score
Percentile by Number Answered
Your Score History
You have not taken this quiz